00525nam a2200193Ia 450000500170000000800410001702000150005808200130007310000170008624500270010326000350013030000120016565000130017765000140019065000110020494200060021595200950022199900150031620250626013042.0240331s9999 xx 000 0 und d a9551131592 bEPIa306 aEpitawatte,S 0aSamajaya kiyaweema 1-2 aColombobA Stamford Lakec2006 a232 p., aFeminime aMasculine aSexual cL 001040708LaWERCLbWERCLcSSCd2024-03-31l0o 306 EPIp6318r2024-03-31w2024-03-31yL c5082d5082